| 000 | 00602nam a2200169 i 4500 | ||
|---|---|---|---|
| 001 | 41869 | ||
| 003 | ES-MaACL | ||
| 005 | 20230906160516.0 | ||
| 007 | t| | ||
| 008 | 030312s1915 sp ||||1| spa d | ||
| 100 | 1 |
_aCasas, Antón de las. _936185 |
|
| 245 | 1 | 3 |
_aLa inauguración de los riegos del Alto Aragón por el Ministro de Fomento D. Javier Ugarte _b: crónica detallada de un viaje ministerial / _cescrita por Antón de las Casas. |
| 260 |
_aMadrid : _b[s.n., _c1915] ( _fImp. Española) |
||
| 300 |
_a45 p. ; _c21 cm. |
||
| 650 | 4 |
_aRegadío- _zAragón. _9164055 |
|
| 852 |
_aES-MaACL _j1607-F-19 |
||
| 999 |
_c41869 _d41869 |
||